[Event "Montreal op"]
[Site "Montreal"]
[Date "2025.09.06"]
[Round "5"]
[White "Migot, Tangi"]
[Black "Duong, Thanh Nha"]
[Result "1/2-1/2"]
[WhiteElo "2324"]
[BlackElo "2145"]
[PlyCount "152"]
[EventDate "2025.09.04"]
[EventType "swiss"]
[EventRounds "7"]
[EventCountry "CAN"]
[SourceTitle "CB37_2025"]
[SourceDate "2025.09.10"]
[SourceVersion "1"]
[SourceVersionDate "2025.09.10"]
[SourceQuality "1"]

1. e4 e6 2. d4 d5 3. Nc3 dxe4 4. Nxe4 Nd7 5. Nf3 Ngf6 6. Nxf6+ Nxf6 7. Be3 Bd6 8. Bd3 0-0 9. Qe2 b6 10. 0-0-0 Bb7 11. h4 Qe7 12. h5 Nd5 13. Kb1 Nf4 14. Bxf4 Bxf4 15. Be4 Bxe4 16. Qxe4 Bd6 17. Rhe1 Qf6 18. c4 a5 19. a3 a4 20. Re2 Rfd8 21. Rd3 Qf4 22. Qxf4 Bxf4 23. g3 Bd6 24. Kc2 Kf8 25. g4 h6 26. Ne5 Bxe5 27. Rxe5 Rd7 28. Kc3 Rad8 29. Rb5 Ke7 30. f4 Rd6 31. c5 Rd5 32. Kc4 bxc5 33. Rxc5 Kd6 34. b4 axb3 35. Rxb3 Rxc5+ 36. dxc5+ Kc6 37. a4 Ra8 38. Ra3 Ra5 39. Kb4 Rxc5 40. a5 Rb5+ 41. Kc4 Rb8 42. f5 Re8 43. fxe6 fxe6 44. Rf3 e5 45. Rb3 e4 46. a6 Ra8 47. Ra3 Kb6 48. Kd5 Rxa6 49. Rb3+ Ka7 50. Kxe4 g6 51. hxg6 Rxg6 52. Kd5 Rb6 53. Rh3 Kb7 54. Kc5 Rg6 55. Rb3+ Kc8 56. Rb4 Kd7 57. Re4 Rg5+ 58. Kd4 Kd6 59. Rf4 Ke6 60. Re4+ Kf6 61. Rf4+ Kg6 62. Ke3 Rc5 63. Rf8 Rc3+ 64. Kf4 Rc4+ 65. Kf3 c5 66. Rc8 Rc1 67. Kf4 Rc4+ 68. Kf3 Kg5 69. Rg8+ Kf6 70. Rh8 Kg7 71. Rc8 Rc1 72. Kf4 c4 73. Rc7+ Kf8 74. Ke3 Rc3+ 75. Kd4 Rg3 76. Kxc4 Rxg4+ 1/2-1/2

[Event "Quebec-ch"]
[Site "Montreal"]
[Date "2025.08.17"]
[Round "5"]
[White "Lamontagne, Damien"]
[Black "Migot, Tangi"]
[Result "0-1"]
[WhiteElo "1845"]
[BlackElo "2344"]
[PlyCount "166"]
[EventDate "2025.08.15"]
[EventType "tourn"]
[EventRounds "9"]
[EventCountry "CAN"]
[EventCategory "2"]
[SourceTitle "CB37_2025"]
[SourceDate "2025.09.10"]
[SourceVersion "1"]
[SourceVersionDate "2025.09.10"]
[SourceQuality "1"]

1. e4 c5 2. Nf3 e6 3. d4 cxd4 4. Nxd4 Nf6 5. Nc3 Bb4 6. Bd3 d6 7. Bd2 0-0 8. 0-0 e5 9. Nb3 a5 10. a4 Be6 11. Nb5 Bxd2 12. Qxd2 Qb6 13. Rfe1 Rd8 14. Qe3 Qxe3 15. Rxe3 Bxb3 16. cxb3 Na6 17. Bc4 Nc5 18. f3 Kf8 19. Rd1 Ke7 20. Re2 Rac8 21. Red2 Ne8 22. Bd5 Nc7 23. Nxc7 Rxc7 24. Rc2 Rb8 25. Bc4 Rbc8 26. Rcd2 Rc6 27. Bb5 Rb6 28. Rc2 Rc7 29. Rc3 Ne6 30. Rxc7+ Nxc7 31. Bc4 g6 32. Kf2 f5 33. g3 Rc6 34. Rd3 Rc5 35. Ke3 fxe4 36. fxe4 b6 37. h4 h5 38. Rd2 Ne8 39. Rd5 Rc8 40. Rd2 Nf6 41. Be2 Rc1 42. Bf3 Ke6 43. Rd1 Rc2 44. Rd2 Rc1 45. Rd1 Rc5 46. Rd2 d5 47. exd5+ Nxd5+ 48. Bxd5+ Rxd5 49. Rc2 Rc5 50. Rd2 Rc6 51. Rf2 Rd6 52. Rc2 Kf5 53. Rc4 Rd4 54. Rc6 Rb4 55. Rc3 Kg4 56. Kf2 e4 57. Rc6 e3+ 58. Kxe3 Kxg3 59. Rxg6+ Kxh4 60. Rg1 Rxb3+ 61. Kf4 Rb4+ 62. Kf5 Rxa4 63. Rh1+ Kg3 64. Rxh5 Rb4 65. Rh1 Rxb2 66. Ke4 a4 67. Kd3 b5 68. Ra1 Rb3+ 69. Kc2 Kf3 70. Rh1 Ke4 71. Rh4+ Kd5 72. Rh5+ Kc4 73. Rh4+ Kc5 74. Rh5+ Kb4 75. Rh1 Rc3+ 76. Kb2 a3+ 77. Ka1 Rc2 78. Kb1 Rg2 79. Rh4+ Kb3 80. Rh3+ Ka4 81. Rh4+ b4 82. Rh8 Rg1+ 83. Kc2 b3+ 0-1

[Event "Reykjavik op"]
[Site "Reykjavik"]
[Date "2025.04.12"]
[Round "5"]
[White "Migot, Tangi"]
[Black "Hjartarson, Johann"]
[Result "0-1"]
[WhiteElo "2347"]
[BlackElo "2461"]
[PlyCount "72"]
[EventDate "2025.04.09"]
[EventType "swiss"]
[EventRounds "9"]
[EventCountry "ISL"]
[SourceTitle "CB17_2025"]
[SourceDate "2025.04.23"]
[SourceVersion "1"]
[SourceVersionDate "2025.04.23"]
[SourceQuality "1"]

1. e4 e5 2. Nf3 Nc6 3. Bb5 a6 4. Ba4 Nf6 5. 0-0 Bc5 6. c3 0-0 7. d4 Ba7 8. Re1 b5 9. Bc2 d6 10. h3 Bb7 11. a3 h6 12. Be3 Re8 13. Nbd2 Qd7 14. Nf1 exd4 15. cxd4 Na5 16. e5 dxe5 17. dxe5 Qxd1 18. Bxd1 Nd5 19. Bxa7 Rxa7 20. b4 Nc4 21. N1d2 Nf4 22. Nxc4 bxc4 23. Re3 c5 24. bxc5 Rc8 25. Bc2 Rxc5 26. Rb1 Kf8 27. Kf1 a5 28. Ne1 c3 29. f3 g5 30. Kf2 Ba6 31. g3 Ne6 32. Re4 Rd7 33. Rb6 Rd2+ 34. Kg1 Bb5 35. Rd6 Ke7 36. Re3 Nd4 0-1

[Event "Canadian op"]
[Site "Laval"]
[Date "2024.07.14"]
[Round "3"]
[White "Migot, Tangi"]
[Black "Kalinin, Dmitry2"]
[Result "1-0"]
[WhiteElo "2345"]
[BlackElo "2118"]
[PlyCount "93"]
[EventDate "2024.07.13"]
[EventType "swiss"]
[EventRounds "9"]
[EventCountry "CAN"]
[SourceTitle "CBM 221 Extra"]
[Source "ChessBase"]
[SourceDate "2024.09.30"]
[SourceVersion "1"]
[SourceVersionDate "2024.09.30"]
[SourceQuality "1"]

1. Nf3 d5 2. g3 Nf6 3. Bg2 e6 4. 0-0 Be7 5. d3 c5 6. c4 Nc6 7. cxd5 Nxd5 8. Nc3 Nc7 9. Bf4 Rb8 10. Rc1 g5 11. Be3 g4 12. Nd2 Bd7 13. a4 Nd4 14. Bf4 Rg8 15. Nce4 Bc6 16. Nxc5 Bxg2 17. Kxg2 e5 18. Be3 Qd5+ 19. Nce4 Nce6 20. Bxd4 exd4 21. Qb3 Qxb3 22. Nxb3 b6 23. Rc4 Rd8 24. a5 f5 25. Ned2 b5 26. Rc6 Rd6 27. Rxd6 Bxd6 28. e3 Kd7 29. Rc1 Bb4 30. Nf1 Kd6 31. exd4 f4 32. f3 gxf3+ 33. Kxf3 fxg3 34. hxg3 Rf8+ 35. Ke2 Rg8 36. Ne3 Re8 37. Rh1 Nc7 38. Rh5 Re7 39. d5 Re5 40. Rh6+ Kd7 41. Rxh7+ Be7 42. d4 Rg5 43. Nc5+ Ke8 44. Rxe7+ Kxe7 45. d6+ Kd8 46. dxc7+ Kc8 47. g4 1-0

[Event "Titled Tuesday intern op 09th Apr Early"]
[Site "Chess.com INT"]
[Date "2024.04.09"]
[Round "4"]
[White "Korchmar, Vasiliy"]
[Black "Migot, Tangi"]
[Result "1-0"]
[WhiteElo "2424"]
[BlackElo "2314"]
[PlyCount "59"]
[EventDate "2024.04.09"]
[EventType "swiss (blitz)"]
[EventRounds "11"]
[EventCountry "USA"]
[SourceTitle "EXT 2025"]
[Source "ChessBase"]
[SourceDate "2024.10.14"]
[SourceVersion "1"]
[SourceVersionDate "2024.10.14"]
[SourceQuality "1"]

1. e4 c5 2. d4 cxd4 3. Qxd4 Nc6 4. Qd3 a6 5. Nc3 b5 6. Nf3 Bb7 7. Be2 g6 8. 0-0 Bg7 9. Bg5 h6 10. Bh4 Nf6 11. a4 b4 12. Nd5 Nxd5 13. exd5 Ne5 14. Nxe5 Bxe5 15. c3 bxc3 16. bxc3 Qc7 17. c4 Bxh2+ 18. Kh1 g5 19. Bg3 Bxg3 20. fxg3 h5 21. Rxf7 Kxf7 22. Rf1+ Kg7 23. Qf5 Rhf8 24. Qxg5+ Kh8 25. Qxh5+ Kg8 26. Qg6+ Kh8 27. Bd3 Rxf1+ 28. Kh2 Rf7 29. Qxf7 Qe5 30. Qh7# 1-0

[Event "Titled Tuesday intern op 09th Apr Early"]
[Site "Chess.com INT"]
[Date "2024.04.09"]
[Round "1"]
[White "Migot, Tangi"]
[Black "Kadric, Denis"]
[Result "1-0"]
[WhiteElo "2314"]
[BlackElo "2558"]
[PlyCount "123"]
[EventDate "2024.04.09"]
[EventType "swiss (blitz)"]
[EventRounds "11"]
[EventCountry "USA"]
[SourceTitle "EXT 2025"]
[Source "ChessBase"]
[SourceDate "2024.10.14"]
[SourceVersion "1"]
[SourceVersionDate "2024.10.14"]
[SourceQuality "1"]

1. e4 d6 2. d4 Nf6 3. Bd3 e5 4. c3 Nc6 5. d5 Ne7 6. c4 Ng6 7. Ne2 Be7 8. Nbc3 0-0 9. h4 h6 10. h5 Nh8 11. f3 Nh7 12. Be3 Bg5 13. Qd2 f5 14. exf5 Bxf5 15. Bxf5 Rxf5 16. Ne4 Bxe3 17. Qxe3 Qd7 18. 0-0-0 b6 19. Kb1 Raf8 20. Rdf1 Qe8 21. g4 R5f7 22. N2g3 Rf4 23. Ne2 R4f7 24. Rf2 Nf6 25. Rhf1 Nxe4 26. fxe4 Rxf2 27. Rxf2 Rxf2 28. Qxf2 Qd7 29. Qg3 Nf7 30. Nc3 Ng5 31. Kc2 a6 32. Kd3 Qf7 33. Ke2 Kf8 34. Qf2 Qf4 35. Qxf4+ exf4 36. Kf2 Ke7 37. Ne2 Nxe4+ 38. Kf3 Nd2+ 39. Kxf4 Nxc4 40. b3 Ne5 41. Kf5 Nd3 42. a3 a5 43. Nd4 Nc5 44. Kg6 Kf8 45. g5 hxg5 46. Kxg5 Kf7 47. Kf5 Nd3 48. Ne6 Nc1 49. b4 axb4 50. axb4 Na2 51. b5 Nc3 52. Nxc7 Ke7 53. Kg6 Kd7 54. Kxg7 Ne4 55. Ne6 Ke7 56. h6 Nf6 57. h7 Nxh7 58. Kxh7 Kf6 59. Nc7 Ke7 60. Kg7 Kd7 61. Kf7 Kxc7 62. Ke7 1-0

[Event "La Nucia op 4th"]
[Site "La Nucia"]
[Date "2023.10.11"]
[Round "8"]
[White "Migot, Tangi"]
[Black "Basso, Pier Luigi"]
[Result "1/2-1/2"]
[WhiteElo "2344"]
[BlackElo "2495"]
[PlyCount "46"]
[EventDate "2023.10.07"]
[EventType "swiss"]
[EventRounds "9"]
[EventCountry "ESP"]
[SourceTitle "EXT 2025"]
[Source "ChessBase"]
[SourceDate "2024.10.14"]
[SourceVersion "1"]
[SourceVersionDate "2024.10.14"]
[SourceQuality "1"]

1. e4 e5 2. Nf3 Nc6 3. Nc3 Nf6 4. d4 exd4 5. Nxd4 Bb4 6. Nxc6 bxc6 7. Bd3 0-0 8. 0-0 Re8 9. Re1 d6 10. h3 Nd7 11. Bd2 Ne5 12. Bf1 Qf6 13. Qh5 Bc5 14. Be3 Nd7 15. Qg5 Qxg5 16. Bxg5 Bd4 17. Na4 g6 18. Rad1 Bg7 19. b3 Nf8 20. Bd2 Nd7 21. Bd3 Nb6 22. Nc3 Nd7 23. Na4 Nb6 1/2-1/2

[Event "Titled Tuesday intern op 03rd Oct Early"]
[Site "Chess.com INT"]
[Date "2023.10.03"]
[Round "10"]
[White "Migot, Tangi"]
[Black "Mohammadi, Melika"]
[Result "0-1"]
[WhiteElo "2344"]
[BlackElo "2164"]
[PlyCount "84"]
[EventDate "2023.10.03"]
[EventType "swiss (blitz)"]
[EventRounds "11"]
[EventCountry "USA"]
[SourceTitle "EXT 2025"]
[Source "ChessBase"]
[SourceDate "2024.10.14"]
[SourceVersion "1"]
[SourceVersionDate "2024.10.14"]
[SourceQuality "1"]

1. d4 Nf6 2. c4 e6 3. Nc3 Bb4 4. e3 d5 5. Nf3 0-0 6. Bd2 dxc4 7. Bxc4 b6 8. 0-0 Bb7 9. Qe2 Nbd7 10. Rac1 Qe7 11. Ba6 Bxa6 12. Qxa6 e5 13. a3 Bxc3 14. Bxc3 e4 15. Ne5 Nxe5 16. dxe5 Nd5 17. Qc4 Nxc3 18. Rxc3 Qxe5 19. Qxc7 Qb5 20. b4 h6 21. h3 Qf5 22. Rfc1 Rad8 23. Qxa7 Rd2 24. Rf1 Qe5 25. Qc7 Qf6 26. Qc6 Rd6 27. Qc7 Rfd8 28. Rcc1 Qb2 29. Qc3 Qe2 30. Qc4 Rd3 31. Qxe4 Rxa3 32. Qe7 Rad3 33. Rc7 Rf8 34. Qe4 Rd1 35. Rxd1 Qxd1+ 36. Kh2 Qd6+ 37. Qf4 Qg6 38. Rb7 Re8 39. Qc7 Re6 40. Rb8+ Kh7 41. Qc2 Qxc2 42. Rc8 Qxc8 0-1

[Event "Isola del Sole op 2nd"]
[Site "Grado"]
[Date "2023.09.27"]
[Round "6"]
[White "Basso, Pier Luigi"]
[Black "Migot, Tangi"]
[Result "1/2-1/2"]
[WhiteElo "2493"]
[BlackElo "2351"]
[PlyCount "49"]
[EventDate "2023.09.23"]
[EventType "swiss"]
[EventRounds "9"]
[EventCountry "ITA"]
[SourceTitle "CBM 216 Extra"]
[Source "ChessBase"]
[SourceDate "2023.11.30"]
[SourceVersion "1"]
[SourceVersionDate "2023.11.30"]
[SourceQuality "1"]

1. d4 Nf6 2. Nf3 d5 3. c4 e6 4. Nc3 Nbd7 5. Bg5 h6 6. Bh4 Be7 7. e3 0-0 8. Rc1 c5 9. cxd5 cxd4 10. Nxd4 Nxd5 11. Bxe7 Nxe7 12. Be2 Nf6 13. 0-0 Bd7 14. Qb3 Qa5 15. a3 Rfd8 16. h3 Rab8 17. Qa2 Rbc8 18. b4 Qb6 19. Qb2 Ned5 20. Nxd5 Nxd5 21. Bf3 Ne7 22. Rxc8 Rxc8 23. Rc1 Rxc1+ 24. Qxc1 e5 25. Nb3 1/2-1/2

[Event "Isola del Sole op 2nd"]
[Site "Grado"]
[Date "2023.09.25"]
[Round "4"]
[White "Migot, Tangi"]
[Black "Ceres, Dragos"]
[Result "0-1"]
[WhiteElo "2351"]
[BlackElo "2453"]
[PlyCount "60"]
[EventDate "2023.09.23"]
[EventType "swiss"]
[EventRounds "9"]
[EventCountry "ITA"]
[SourceTitle "CBM 216 Extra"]
[Source "ChessBase"]
[SourceDate "2023.11.30"]
[SourceVersion "1"]
[SourceVersionDate "2023.11.30"]
[SourceQuality "1"]

1. e4 c5 2. Nf3 d6 3. d4 cxd4 4. Nxd4 Nf6 5. Nc3 a6 6. h3 e5 7. Nde2 h5 8. Nd5 Nxe4 9. Be3 Nd7 10. g3 Nef6 11. Nec3 b5 12. Bg2 Rb8 13. Qd3 Bb7 14. 0-0 Qc8 15. f4 b4 16. Nxf6+ Nxf6 17. fxe5 Bxg2 18. exf6 Bxf1 19. Qe4+ Qe6 20. Qc6+ Qd7 21. Qe4+ Kd8 22. Nd5 Bb5 23. Bg5 g6 24. Qxb4 Qc6 25. Qd2 Bc4 26. Ne3 Be6 27. c4 Qc5 28. h4 Bh6 29. Bxh6 Rxh6 30. Kh2 Qb4 0-1

[Event "FRA-chT Top 16 Gp Basse"]
[Site "Chartres"]
[Date "2023.06.11"]
[Round "4.3"]
[White "Roos, Jean Luc"]
[Black "Migot, Tangi"]
[Result "0-1"]
[WhiteElo "2184"]
[BlackElo "2373"]
[PlyCount "72"]
[EventDate "2023.06.08"]
[EventType "team-tourn"]
[EventRounds "4"]
[EventCountry "FRA"]
[SourceTitle "CBM 214 Extra"]
[Source "ChessBase"]
[SourceDate "2023.07.31"]
[SourceVersion "1"]
[SourceVersionDate "2023.07.31"]
[SourceQuality "1"]
[WhiteTeam "Strasbourg"]
[BlackTeam "Metz Fischer"]
[WhiteTeamCountry "FRA"]
[BlackTeamCountry "FRA"]

1. e4 c5 2. Nf3 d6 3. Bb5+ Nd7 4. 0-0 a6 5. Bd3 Ngf6 6. c3 b5 7. Bc2 Bb7 8. d3 g6 9. Nbd2 Bg7 10. a4 0-0 11. Re1 e5 12. axb5 axb5 13. Rxa8 Qxa8 14. d4 exd4 15. cxd4 Re8 16. d5 Qa7 17. b3 Ng4 18. h3 Nge5 19. Nxe5 Nxe5 20. Nf1 c4 21. Be3 Qa5 22. f4 cxb3 23. Bxb3 Nc4 24. Bf2 Qb4 25. Qb1 Nb2 26. Bc2 Bc3 27. Rc1 Bd4 28. Bxd4 Qxd4+ 29. Kh1 b4 30. Nh2 Rc8 31. e5 dxe5 32. Nf3 Qc3 33. Qa2 b3 34. Qa7 Bxd5 35. Bxg6 Qxc1+ 36. Kh2 hxg6 0-1

[Event "FRA-chT Top 16 GpB"]
[Site "Chartres"]
[Date "2023.06.02"]
[Round "2.1"]
[White "Tregubov, Pavel V"]
[Black "Migot, Tangi"]
[Result "1/2-1/2"]
[WhiteElo "2553"]
[BlackElo "2373"]
[PlyCount "89"]
[EventDate "2023.06.01"]
[EventType "team-tourn"]
[EventRounds "7"]
[EventCountry "FRA"]
[SourceTitle "CBM 214 Extra"]
[Source "ChessBase"]
[SourceDate "2023.07.31"]
[SourceVersion "1"]
[SourceVersionDate "2023.07.31"]
[SourceQuality "1"]
[WhiteTeam "Clichy Echecs 92"]
[BlackTeam "Metz Fischer"]
[WhiteTeamCountry "FRA"]
[BlackTeamCountry "FRA"]

1. e4 c5 2. c3 Nf6 3. e5 Nd5 4. Nf3 e6 5. d4 cxd4 6. cxd4 d6 7. Bc4 Be7 8. 0-0 0-0 9. Qe2 b6 10. Rd1 Bb7 11. Bxd5 exd5 12. Nc3 Na6 13. Nb5 dxe5 14. dxe5 Re8 15. Nfd4 Nc7 16. Qg4 Bc8 17. Qg3 Nxb5 18. Nxb5 Qd7 19. Bh6 Bf8 20. Nd6 Re6 21. Bf4 Bb7 22. Rac1 Rd8 23. Qd3 Ba8 24. Nb5 Bc5 25. b4 Bc6 26. Nd4 Bxd4 27. Qxd4 Bb5 28. Bg5 Rde8 29. f4 Rc6 30. Rxc6 Bxc6 31. Qd3 Bb7 32. b5 Qc7 33. h3 Qc5+ 34. Kh2 Qb4 35. f5 h6 36. Bd2 Qc4 37. Qxc4 dxc4 38. Bc3 Be4 39. Rd7 Bxf5 40. Rxa7 Rd8 41. Rc7 Ra8 42. Rxc4 Rxa2 43. Rf4 Be6 44. Bd4 Ra4 45. Be3 1/2-1/2

[Event "Titled Tuesday intern op 28th Mar Early"]
[Site "Chess.com INT"]
[Date "2023.03.28"]
[Round "1"]
[White "Bortnyk, Olexandr"]
[Black "Migot, Tangi"]
[Result "1-0"]
[WhiteElo "2605"]
[BlackElo "2373"]
[PlyCount "61"]
[EventDate "2023.03.28"]
[EventType "swiss (blitz)"]
[EventRounds "11"]
[EventCountry "USA"]
[SourceTitle "EXT 2024"]
[Source "ChessBase"]
[SourceDate "2023.10.10"]
[SourceVersion "1"]
[SourceVersionDate "2023.10.10"]
[SourceQuality "1"]

1. d4 Nf6 2. Nc3 g6 3. e4 d6 4. Bg5 Nbd7 5. Qd2 c6 6. f4 h6 7. Bh4 Bg7 8. Nf3 0-0 9. e5 Ne8 10. Bd3 Nb6 11. 0-0 Bg4 12. Rae1 Bxf3 13. Rxf3 dxe5 14. dxe5 Nc7 15. Qf2 Qd7 16. Ne4 Ne6 17. c3 Nd5 18. Bc2 Rad8 19. f5 gxf5 20. Rxf5 Qc7 21. Qg3 Qb6+ 22. Rf2 Rd7 23. Nd6 exd6 24. Qd3 Re8 25. Qh7+ Kf8 26. exd6 Ndf4 27. Kh1 Rxd6 28. Bb3 Ng6 29. Qxg6 Kg8 30. Qxf7+ Kh8 31. Qxe8+ 1-0

[Event "Titled Tuesday intern op 7th Mar Early"]
[Site "Chess.com INT"]
[Date "2023.03.07"]
[Round "2"]
[White "Harsha, Bharathakoti"]
[Black "Migot, Tangi"]
[Result "1-0"]
[WhiteElo "2608"]
[BlackElo "2373"]
[PlyCount "55"]
[EventDate "2023.03.07"]
[EventType "swiss (blitz)"]
[EventRounds "11"]
[EventCountry "USA"]
[SourceTitle "EXT 2024"]
[Source "ChessBase"]
[SourceDate "2023.10.10"]
[SourceVersion "1"]
[SourceVersionDate "2023.10.10"]
[SourceQuality "1"]

1. Nf3 d6 2. e4 c5 3. d4 cxd4 4. Nxd4 Nf6 5. Nc3 Nc6 6. Bg5 e6 7. Qd2 a6 8. 0-0-0 Bd7 9. f4 h6 10. Bxf6 Qxf6 11. Nf3 g5 12. g3 gxf4 13. gxf4 h5 14. e5 Qf5 15. exd6 Bh6 16. Kb1 Qxf4 17. Qe2 Qe3 18. Ne4 Qxe2 19. Nf6+ Kd8 20. Bxe2 Bg7 21. Ne4 Ne5 22. Rhg1 Nxf3 23. Rxg7 Ne5 24. Rdg1 Bc6 25. Nf6 Rf8 26. Rg8 Nd7 27. Rxf8+ Nxf8 28. Rg8 1-0

[Event "Titled Tuesday intern op 7th Mar Early"]
[Site "Chess.com INT"]
[Date "2023.03.07"]
[Round "7"]
[White "Migot, Tangi"]
[Black "Zherebtsova, Alexandra"]
[Result "1-0"]
[WhiteElo "2373"]
[BlackElo "2155"]
[PlyCount "69"]
[EventDate "2023.03.07"]
[EventType "swiss (blitz)"]
[EventRounds "11"]
[EventCountry "USA"]
[SourceTitle "EXT 2024"]
[Source "ChessBase"]
[SourceDate "2023.10.10"]
[SourceVersion "1"]
[SourceVersionDate "2023.10.10"]
[SourceQuality "1"]

1. Nf3 d5 2. d4 Nf6 3. c4 e6 4. Nc3 Be7 5. Bg5 0-0 6. e3 h6 7. Bxf6 Bxf6 8. cxd5 exd5 9. Qb3 c6 10. Be2 Qb6 11. Nd2 Bf5 12. 0-0 Nd7 13. Rfc1 Rfe8 14. Na4 Qa5 15. Nc3 Qb6 16. Kf1 Rab8 17. h3 Qc7 18. Nf3 Qb6 19. Na4 Qxb3 20. axb3 Be7 21. Nc5 Nxc5 22. dxc5 a6 23. Nd4 Bg6 24. b4 Bf6 25. Rd1 Re7 26. Ra3 Rbe8 27. Bf3 Bh7 28. Be2 g5 29. Bd3 Bxd3+ 30. Rdxd3 Bxd4 31. Rxd4 Re4 32. Rad3 R4e5 33. Ke2 f5 34. f4 Kg7 35. fxe5 1-0

[Event "Titled Tuesday intern op 7th Mar Early"]
[Site "Chess.com INT"]
[Date "2023.03.07"]
[Round "4"]
[White "Saito, Vinicius Ikezu"]
[Black "Migot, Tangi"]
[Result "1-0"]
[WhiteElo "2147"]
[BlackElo "2373"]
[PlyCount "121"]
[EventDate "2023.03.07"]
[EventType "swiss (blitz)"]
[EventRounds "11"]
[EventCountry "USA"]
[SourceTitle "EXT 2024"]
[Source "ChessBase"]
[SourceDate "2023.10.10"]
[SourceVersion "1"]
[SourceVersionDate "2023.10.10"]
[SourceQuality "1"]

1. e4 c5 2. Nf3 d6 3. Bb5+ Nd7 4. d4 cxd4 5. Qxd4 a6 6. Bxd7+ Bxd7 7. c4 e5 8. Qd3 Be7 9. Nc3 Rc8 10. 0-0 Be6 11. Nd5 Nf6 12. h3 Nxd5 13. cxd5 Bd7 14. a4 0-0 15. Bd2 f5 16. Rfc1 fxe4 17. Qxe4 Qb6 18. Qb4 Qxb4 19. Bxb4 Kf7 20. a5 Bb5 21. Nd2 Bd3 22. Rc3 Rxc3 23. bxc3 Rc8 24. f3 Bg5 25. Ne4 Bxe4 26. fxe4 Be3+ 27. Kf1 Bc5 28. Rb1 Bxb4 29. Rxb4 Rc7 30. c4 Ke7 31. Ke2 Kd7 32. Kd3 Kc8 33. Rb6 Rd7 34. c5 dxc5 35. Kc4 Rf7 36. Kxc5 Rf2 37. Re6 Kd7 38. Rxe5 Rxg2 39. Rf5 Rc2+ 40. Kd4 Rd2+ 41. Ke5 Ke8 42. Rg5 g6 43. Rg3 Ra2 44. Rb3 Rxa5 45. Rxb7 Rb5 46. Ra7 Rb6 47. d6 Rb4 48. Rxh7 a5 49. Ra7 a4 50. Kd5 Kd8 51. e5 Rb5+ 52. Ke6 Rb8 53. Rxa4 g5 54. Rg4 Ke8 55. Rxg5 Kf8 56. Rh5 Kg7 57. d7 Re8+ 58. Kd6 Rd8 59. e6 Re8 60. Rg5+ Kf6 61. dxe8Q 1-0

[Event "Titled Tuesday intern op 28th Feb Early"]
[Site "Chess.com INT"]
[Date "2023.02.28"]
[Round "4"]
[White "Migot, Tangi"]
[Black "Harsh, Suresh"]
[Result "0-1"]
[WhiteElo "2374"]
[BlackElo "2261"]
[PlyCount "76"]
[EventDate "2023.02.28"]
[EventType "swiss (blitz)"]
[EventRounds "11"]
[EventCountry "USA"]
[SourceTitle "CBM 213 Extra"]
[Source "ChessBase"]
[SourceDate "2023.05.31"]
[SourceVersion "1"]
[SourceVersionDate "2023.05.31"]
[SourceQuality "1"]

1. d4 Nf6 2. c4 c5 3. d5 e6 4. Nc3 exd5 5. cxd5 d6 6. e4 g6 7. h3 Bg7 8. Bd3 0-0 9. Nf3 Na6 10. 0-0 Nc7 11. Re1 Re8 12. Bf4 Rb8 13. a4 b6 14. Qc2 a6 15. Rab1 b5 16. axb5 axb5 17. b4 c4 18. Bf1 Bb7 19. Rbd1 Qd7 20. e5 Nfxd5 21. Nxd5 Nxd5 22. Bg3 Nxb4 23. Qb1 Nd5 24. Qc2 Rbc8 25. exd6 Nc3 26. Rxe8+ Rxe8 27. Re1 Rxe1 28. Nxe1 Ne4 29. Bh2 Bd4 30. Nf3 Bxf2+ 31. Kh1 Bc5 32. Bf4 Bxd6 33. Bxd6 Qxd6 34. Qb2 Ng3+ 35. Kg1 Qc5+ 36. Qf2 Qxf2+ 37. Kxf2 Nxf1 38. Kxf1 Bxf3 0-1

[Event "Titled Tuesday intern op 28th Feb Early"]
[Site "Chess.com INT"]
[Date "2023.02.28"]
[Round "1"]
[White "Migot, Tangi"]
[Black "Kiseleva, Arina"]
[Result "1-0"]
[WhiteElo "2374"]
[BlackElo "1962"]
[PlyCount "47"]
[EventDate "2023.02.28"]
[EventType "swiss (blitz)"]
[EventRounds "11"]
[EventCountry "USA"]
[SourceTitle "CBM 213 Extra"]
[Source "ChessBase"]
[SourceDate "2023.05.31"]
[SourceVersion "1"]
[SourceVersionDate "2023.05.31"]
[SourceQuality "1"]

1. e4 c6 2. Nc3 d5 3. Qf3 dxe4 4. Nxe4 Nf6 5. Bc4 Nbd7 6. d4 e6 7. Ne2 Nxe4 8. Qxe4 Nf6 9. Qh4 Be7 10. Bd2 h6 11. 0-0-0 b5 12. Bd3 Bb7 13. Qg3 Kf8 14. h4 Bd6 15. Qh3 a5 16. g4 a4 17. f4 a3 18. b3 c5 19. g5 hxg5 20. fxg5 Nh5 21. Rhf1 Qc7 22. Bg6 Kg8 23. Bxf7+ Kh7 24. g6# 1-0

[Event "Titled Tuesday intern op 28th Feb Early"]
[Site "Chess.com INT"]
[Date "2023.02.28"]
[Round "6"]
[White "Samunenkov, Igor"]
[Black "Migot, Tangi"]
[Result "1-0"]
[WhiteElo "2485"]
[BlackElo "2374"]
[PlyCount "71"]
[EventDate "2023.02.28"]
[EventType "swiss (blitz)"]
[EventRounds "11"]
[EventCountry "USA"]
[SourceTitle "CBM 213 Extra"]
[Source "ChessBase"]
[SourceDate "2023.05.31"]
[SourceVersion "1"]
[SourceVersionDate "2023.05.31"]
[SourceQuality "1"]

1. e4 c5 2. Nf3 a6 3. c4 e6 4. d4 cxd4 5. Nxd4 b6 6. a3 Bb7 7. Nc3 Qc7 8. f4 Nf6 9. Bd3 h5 10. b4 d5 11. exd5 Nxd5 12. Nxd5 exd5 13. 0-0 Be7 14. Nf5 Bf6 15. Re1+ Kf8 16. Ra2 g6 17. Rae2 Nd7 18. Ne7 dxc4 19. Bxc4 Qxc4 20. Qxd7 Qd4+ 21. Qxd4 Bxd4+ 22. Be3 Bxe3+ 23. Rxe3 Kg7 24. f5 Rhf8 25. Rg3 Rae8 26. fxg6 f5 27. Nxf5+ Kf6 28. Rxe8 Rxe8 29. g7 Bd5 30. Nh6 Bg8 31. Nxg8+ Rxg8 32. Kf2 Kf5 33. Kf3 h4 34. Rg4 h3 35. gxh3 a5 36. h4 1-0